Primeras Jornadas en Pesquerías Chilenas. Tema: las pesquerías de la zona austral
সংরক্ষণ করুন:
| সংস্থা লেখক: | |
|---|---|
| বিন্যাস: | গ্রন্থ |
| ভাষা: | স্প্যানিশ |
| প্রকাশিত: |
Valparaíso
Universidad Católica de Valparaíso. Escuela de Ciencias del Mar
1979
|
| বিষয়গুলি: | |
| ট্যাগগুলো: |
ট্যাগ যুক্ত করুন
কোনো ট্যাগ নেই, প্রথমজন হিসাবে ট্যাগ করুন!
|
MARC
| LEADER | 00000nam a2200000 a 4500 | ||
|---|---|---|---|
| 001 | UCR4755 | ||
| 003 | CL-VaPUC | ||
| 005 | 20230203074004.0 | ||
| 008 | 980313e19790000cl 1 spa d | ||
| 082 | 0 | 4 | |a 639.209 |b UNI |2 21 |
| 110 | 2 | |a Universidad Católica de Valparaíso |e author |9 618794 | |
| 245 | 1 | 0 | |a Primeras Jornadas en Pesquerías Chilenas. Tema: las pesquerías de la zona austral |
| 260 | |a Valparaíso |b Universidad Católica de Valparaíso. Escuela de Ciencias del Mar |c 1979 | ||
| 300 | |a 329 p | ||
| 583 | |a last modification |c 19980313 00:00:00 |k Rodrigo Vera | ||
| 650 | 0 | 0 | |a Pesca |9 258707 |
| 650 | 0 | 0 | |a Congresos |9 257560 |
| 650 | 0 | 0 | |a Industria pesquera |9 255432 |
| 651 | 7 | |a CHILE |2 CL-VaPUC |9 618795 | |
| 942 | |c BK | ||
| 945 | |a crobeson |d 19980313 00:00:00 | ||
| 546 | |a En Español | ||
| 518 | |p Jornadas en Pesquerías Chilenas, 1, Valparaíso, 5 al 7 de septiembre de 1979 | ||
| 999 | |c 383115 |d 383113 | ||
| 952 | |0 0 |1 0 |2 ddc |4 0 |6 639_209000000000000_UNI_1979 |7 0 |8 CCM |9 505131 |a BIBCUR |b BIBCUR |c GEN |d 2020-01-23 |i 1962426 |o 639.209 UNI 1979 |p 1962426 |r 2025-04-22 |w 2020-01-23 |y BK |k CIM | ||